MDQL
is popping MORE tags! Check the
thread
!
Quizzes
Events
Quiz Creation
Community
Videos
Private Events
Remove Ads
Sign In
Join for FREE
Feedback
Dark Mode
Quiz Categories
Sports
Geography
Music
Movies
Television
Just For Fun
Miscellaneous
History
Literature
Language
Science
Gaming
Entertainment
Religion
Holiday
For Kids
Quiz Lab
Recent
Popular Today
Quiz Kudos Today
Editor Picks
Curator Picks
Quizzes by...
Day
Popularity
Type
Ratings
Length
Year
Community
Subscriptions
Recent Discussions
Orange Saloon
Badges
Playlists
Quests
Create
Leaderboards
Showdown
Live 5
Trivia Bingo
Activity
Puzzle Library
Sporcle Events
Private Events
Virtual Trivia
Globe League
Become a Host
Pub Owners
SporcleCon
Opinionation
Our Games
Videos
Blog
Mobile Apps
Partnerships
Remove Ads and Go Orange
Feedback
Sports
Athletes
MLB
NBA
NHL
NFL
Soccer
Sports Teams
WWE
NCAA
Football
Premier League
Basketball
Baseball
Hockey
Golf
Tennis
Cricket
Rugby
Auto Racing
Olympics
World Cup
Sports
Athletes
MLB
NBA
NHL
NFL
Soccer
Sports Teams
WWE
NCAA
Football
Premier League
Basketball
Baseball
Hockey
Golf
Tennis
Cricket
Rugby
Auto Racing
Olympics
World Cup
Random Quiz
Search Sporcle
×
Quiz Lab
Quiz Lab
Sports
NBA
Type in answers that appear in a list
Type in answers that appear in a list
Classic
Best Score? Go Orange.
2012 NBA All-Star Weekend Stats
Can you name the Participants in the 2012 NBA All-Star Weekend?
By
MrTomandJerry
6m
72 Questions
111 Plays
111 Plays
111 Plays
Comments
Comments
Give Quiz Kudos
Give Quiz Kudos
-
- Ratings
hide this ad
Replay
Link that replays current quiz
Next Quiz
Link to next quiz in quiz playlist
You Got
0%
They Got
Avg Score
55%
Avg Friend Score
Upgrade to see
Score Distribution
Jump to the score distribution portion of the page
Score
0/72
Timer
06:00
0
Plays Today
Competition
Player
% Correct
Eastern Conference All-
Stars
Lebron James
95.4%
Eastern Conference All-
Stars
Dwyane Wade
93.6%
Western Conference All-
Stars
Kobe Bryant
92.7%
Foot Locker Three-
Point Contest
Kevin Durant
90.8%
Eastern Conference All-
Stars
Rajon Rondo
89.9%
Eastern Conference All-
Stars
Carmelo Anthony
89%
Western Conference All-
Stars
Chris Paul
88.1%
Western Conference All-
Stars
Blake Griffin
88.1%
BBVA Rising Stars Challenge (Team Shaq)
Blake Griffin
88.1%
Eastern Conference All-
Stars
Dwight Howard
87.2%
Eastern Conference All-
Stars
Paul Pierce
86.2%
BBVA Rising Stars Challenge (Team Shaq)
Jeremy Lin
85.3%
Eastern Conference All-
Stars
Derrick Rose
83.5%
Eastern Conference All-
Stars
Chris Bosh
82.6%
Western Conference All-
Stars
Kevin Durant
82.6%
Western Conference All-
Stars
Andrew Bynum
80.7%
Eastern Conference All-
Stars
Deron Williams
79.8%
BBVA Rising Stars Challenge (Team Chuck)
Derrick Williams
79.8%
Sprite Slam Dunk Contest
Derrick Williams
79.8%
Western Conference All-
Stars
Marc Gasol
78.9%
Haier Shooting Stars Competition (Atlanta)
Jerry Stackhouse
78.9%
Taco Bell Skills Challenge
Tony Parker
78.3%
Taco Bell Skills Challenge
Rajon Rondo
78.3%
Taco Bell Skills Challenge
Deron Williams
78.3%
Western Conference All-
Stars
Kevin Love
77.1%
Foot Locker Three-
Point Contest
Kevin Love
77.1%
Western Conference All-
Stars
Dirk Nowitzki
76.1%
Western Conference All-
Stars
Russell Westbrook
75.2%
Western Conference All-
Stars
Steve Nash
74.3%
Western Conference All-
Stars
Tony Parker
72.5%
BBVA Rising Stars Challenge (Team Chuck)
John Wall
72.5%
Haier Shooting Stars Competition (Atlanta)
Steve Smith
72.5%
Haier Shooting Stars Competition (Texas)
Kenny Smith
72.5%
BBVA Rising Stars Challenge (Team Chuck)
Kyrie Irving
71.6%
Taco Bell Skills Challenge
John Wall
69.6%
Sprite Slam Dunk Contest
Jeremy Evans
66.1%
Competition
Player
% Correct
Taco Bell Skills Challenge
Russell Westbrook
65.2%
Western Conference All-
Stars
LaMarcus Aldridge
65.1%
Eastern Conference All-
Stars
Luol Deng
62.4%
Eastern Conference All-
Stars
Andre Iguodala
61.5%
BBVA Rising Stars Challenge (Team Shaq)
Ricky Rubio
61.5%
Haier Shooting Stars Competition (Orlando)
Jameer Nelson
61.5%
Taco Bell Skills Challenge
Kyrie Irving
60.9%
Eastern Conference All-
Stars
Roy Hibbert
57.8%
BBVA Rising Stars Challenge (Team Shaq)
Landry Fields
56%
Haier Shooting Stars Competition (New York)
Landry Fields
56%
Foot Locker Three-
Point Contest
James Jones
55%
Sprite Slam Dunk Contest
Chase Budinger
54.1%
BBVA Rising Stars Challenge (Team Chuck)
Paul George
51.4%
Sprite Slam Dunk Contest
Paul George
51.4%
Foot Locker Three-
Point Contest
Ryan Anderson
49.5%
BBVA Rising Stars Challenge (Team Chuck)
DeMarcus Cousins
43.1%
Haier Shooting Stars Competition (New York)
Allan Houston
42.2%
BBVA Rising Stars Challenge (Team Shaq)
Greg Monroe
36.7%
BBVA Rising Stars Challenge (Team Shaq)
Norris Cole
34.9%
BBVA Rising Stars Challenge (Team Shaq)
Tristan Thompson
34.9%
BBVA Rising Stars Challenge (Team Shaq)
Kemba Walker
31.2%
Foot Locker Three-
Point Contest
Mario Chalmers
30.3%
BBVA Rising Stars Challenge (Team Chuck)
MarShon Brooks
28.4%
Haier Shooting Stars Competition (Texas)
Chandler Parsons
26.6%
BBVA Rising Stars Challenge (Team Shaq)
Markieff Morris
25.7%
Foot Locker Three-
Point Contest
Anthony Morrow
25.7%
BBVA Rising Stars Challenge (Team Chuck)
Derrick Favors
24.8%
BBVA Rising Stars Challenge (Team Shaq)
Brandon Knight
22.9%
BBVA Rising Stars Challenge (Team Chuck)
Evan Turner
22.9%
BBVA Rising Stars Challenge (Team Chuck)
Kawhi Leonard
21.1%
BBVA Rising Stars Challenge (Team Chuck)
Gordon Hayward
20.2%
Haier Shooting Stars Competition (Orlando)
Dennis Scott
19.3%
Haier Shooting Stars Competition (Texas)
Sophia Young
16.5%
Haier Shooting Stars Competition (Orlando)
Marie Ferdinand-Harris
11%
Haier Shooting Stars Competition (New York)
Cappie Pondexter
7.3%
Haier Shooting Stars Competition (Atlanta)
Lindsey Harding
4.6%
Quiz Playlist
Details
Report
Send in Message
Add To Playlist
Classic:
Type in answers that appear in a list
Quiz Source
Last Updated: Feb 16, 2017
Quiz Scoreboard
CHALLENGE
Sign Up to Join the Scoreboard
Show All
Scores
Hide
Comments
May contain spoilers
Recently Published
Holiday 10x10 Sorting Gallery
by lukepisani3
Holiday
15m
Two Season TV Shows II
by 123Four
Television
10m
Image Sorting: Flags VI
by Barbecue
Geography
2m
More to Explore
Quiz From the Vault
Featured Blog Post
14 Easter Pick-up Lines to Find Eggs With
hide this ad
You Might Also Like...
Tags
Basketball Quiz
NBA Quiz
2012
All-Star
competition
NBA All-Star
participant
Player
Weekend
Today's Top Quizzes in Sports
Browse Sports
hide this ad
Today's Top Quizzes in NBA
Browse NBA
Top Contributed Quizzes in Sports
1
Les meilleurs buteurs des matchs entre le PSG et l’OM
2
Les entraîneurs de l'OM et du PSG au 21e siècle
3
2022 World Cup Stars
4
Players with Multiple 50 Home Run Seasons
5
Les joueurs passés par le PSG et l'OM
6
FIFA Club World Cup Champions
7
Top 10 NHL Goal Scorers of All Time
8
Criteria MLB: Left Handed Sluggers
9
Les joueurs passés par le LOSC et le RC Lens
10
2023 MLB Unique Player Accomplishments
Explore More
Trending Topics
Kpop
Anime
Crossword
Marvel
NBA
Disney
Harry Potter
Puzzle
Pokémon
The Office
Soccer
Country
WWE
Song
NFL
hide this ad
More By:
MrTomandJerry
Quiz
Plays
Rating
Category
Featured
Created
Christmas Present Logic Puzzle
12,565
3.69
Just For Fun
Dec 16, 2012
NBA Champions and All-Stars
5,201
4.29
Sports
Mar 6, 2012
NBA Trivia True or False
3,316
3.11
Sports
Aug 14, 2012
NBA Team by Center
1,947
3.38
Sports
Nov 3, 2011
NBA Team by Power Forward
1,068
3.50
Sports
Nov 3, 2011
Go to Creator's Profile
Score Distribution
Quiz Creator Spotlight
MrTomandJerry
Follow
Send a Message
Quizzes Created
-
Created Quiz Play Count
-
More By This Creator
Popular Quizzes Today
1
Find the US States - No Outlines Minefield
2
Colored Red Africa Blitz
3
Find the 'City' Movie
4
The Countries of the World
5
Find the US States
6
5x2 Blitz: Bands
7
Find the Countries of Europe - No Outlines Minefield
8
US States
More Sports Quizzes
Football: name the World XI (by photo)
Quiz Lab
Trending Quizzes
Colored Red Europe Blitz I
Colored Red Europe Blitz II
Colored Red Africa Blitz II
Colored Red Africa Blitz III
Colored Red Europe Blitz III
Recently Updated
Odd Team Out - Big 4 Players
pecheneg
Quick Pick: 20 Twenties
pecheneg
March Madness Men's Triple Doubles
pecheneg
How Do You Spell That?
pecheneg
Godzilla Movies
pecheneg
Grab Bag: 4-10 Letters
pecheneg
2024 March Madness Bracket
pecheneg
Famous TV Couples
Peacemaker
Champions League XIs: Real Madrid
pecheneg
Largest US Cities 1790-2010
pecheneg
Trending Topics
Disney
Harry Potter
NBA
Anime
Kpop
Marvel
Crossword
Puzzle
Pokémon
Country
Soccer
Song
NFL
The Office
WWE
Your Account Isn't Verified!
In order to create a playlist on Sporcle, you need to verify the email address you used during registration. Go to your
Sporcle Settings
to finish the process.
Report this User
Report this user for behavior that violates our
Community Guidelines
.
Details:
Send Report
Go to the Sporcle.com Mobile Site →
Comments